<?xml version="1.0" encoding="UTF-8"?><?xml-stylesheet type="text/xsl" href="static/style.xsl"?><OAI-PMH xmlns="http://www.openarchives.org/OAI/2.0/" xmlns:xsi="http://www.w3.org/2001/XMLSchema-instance" xsi:schemaLocation="http://www.openarchives.org/OAI/2.0/ http://www.openarchives.org/OAI/2.0/OAI-PMH.xsd"><responseDate>2026-04-17T04:09:26Z</responseDate><request verb="GetRecord" identifier="oai:www.recercat.cat:2445/176704" metadataPrefix="marc">https://recercat.cat/oai/request</request><GetRecord><record><header><identifier>oai:recercat.cat:2445/176704</identifier><datestamp>2025-12-05T16:44:08Z</datestamp><setSpec>com_2072_1057</setSpec><setSpec>col_2072_478823</setSpec><setSpec>col_2072_478904</setSpec><setSpec>col_2072_478917</setSpec></header><metadata><record xmlns="http://www.loc.gov/MARC21/slim" xmlns:dcterms="http://purl.org/dc/terms/" xmlns:xsi="http://www.w3.org/2001/XMLSchema-instance" xmlns:doc="http://www.lyncode.com/xoai" xsi:schemaLocation="http://www.loc.gov/MARC21/slim http://www.loc.gov/standards/marcxml/schema/MARC21slim.xsd">
   <leader>00925njm 22002777a 4500</leader>
   <datafield ind2=" " ind1=" " tag="042">
      <subfield code="a">dc</subfield>
   </datafield>
   <datafield ind2=" " ind1=" " tag="720">
      <subfield code="a">López Hermoso, Rosario</subfield>
      <subfield code="e">author</subfield>
   </datafield>
   <datafield ind2=" " ind1=" " tag="720">
      <subfield code="a">Riera, Angels</subfield>
      <subfield code="e">author</subfield>
   </datafield>
   <datafield ind2=" " ind1=" " tag="720">
      <subfield code="a">Estalella, Robert</subfield>
      <subfield code="e">author</subfield>
   </datafield>
   <datafield ind2=" " ind1=" " tag="720">
      <subfield code="a">Gómez, G.</subfield>
      <subfield code="e">author</subfield>
   </datafield>
   <datafield ind2=" " ind1=" " tag="260">
      <subfield code="c">2021-04-26T14:09:37Z</subfield>
   </datafield>
   <datafield ind2=" " ind1=" " tag="260">
      <subfield code="c">2021-04-26T14:09:37Z</subfield>
   </datafield>
   <datafield ind2=" " ind1=" " tag="260">
      <subfield code="c">2021-04-14</subfield>
   </datafield>
   <datafield ind2=" " ind1=" " tag="260">
      <subfield code="c">2021-04-26T14:09:37Z</subfield>
   </datafield>
   <datafield ind2=" " ind1=" " tag="520">
      <subfield code="a">Context. Jets and outflows are associated with young stellar objects across the stellar mass spectrum, from brown dwarf protostars to massive Ae/Be stars. Frequently the jet morphology is spatially discontinuous because of the temporal variability of the ejection from the driving source. Images covering a wide field of view around the jet-driving source are useful to map the large-scale jet emission and to explore the mass ejection history. Aims. The aim of our work was to search for large-scale optical Herbig-Haro (HH) objects lying in a wide field around a sample of IRAS sources, which are candidates to trace young stellar objects. Methods. Deep narrowband images through the Hα and [S II ] emission lines, and through an off-line continuum filter, covering a wide (∼15 0 ) field around the IRAS targets were acquired. The images in the three filters were analyzed to identify shock-excited line emission (i.e., HH) in contrast to scattered line emission. Results. New images of a sample of 15 IRAS sources, obtained in a homogeneous way are presented. HH emission was detected in six fields, and the astrometry of the knot features is given. The nature of the extended emission as scattered emission around nine of the IRAS targets is confirmed. For seven IRAS sources with unclear optical counterparts, a more plausible counterpart is proposed. A refined value of the source distance is reported for seven targets. An update of the main data available for each of the sampled fields, including images from public data archives, is also presented.</subfield>
   </datafield>
   <datafield tag="653" ind2=" " ind1=" ">
      <subfield code="a">Formació d'estels</subfield>
   </datafield>
   <datafield tag="653" ind2=" " ind1=" ">
      <subfield code="a">Jets (Astrofísica)</subfield>
   </datafield>
   <datafield tag="653" ind2=" " ind1=" ">
      <subfield code="a">Star formation</subfield>
   </datafield>
   <datafield tag="653" ind2=" " ind1=" ">
      <subfield code="a">Astrophysical jets</subfield>
   </datafield>
   <datafield ind2="0" ind1="0" tag="245">
      <subfield code="a">A survey of IRAS young stellar object candidates: Searching for large-scale Herbig-Haro objects</subfield>
   </datafield>
</record></metadata></record></GetRecord></OAI-PMH>